000 00553cam a2200133 4500500
005 20260329023150.0
041 _afre
042 _adc
100 1 0 _aPaul, Jean-Jacques
_eauthor
245 0 0 _aÉconomie de l'éducation
260 _bArmand Colin,
_c2007.
520 _aLes ressources mobilisées pour l'éducation. Qui finance l'éducation ? La production d'éducation. Éducation, marché du travail et croissance économique.
856 4 1 _uhttps://shs.cairn.info/economie-de-l-education--9782200342739?lang=fr&redirect-ssocas=7080
999 _c1925183
_d1925183